Music Quiz

Random Music or Artist Quiz
Score 0/25 Timer 10:00
0 Plays Today
# Act % Correct
9The Beatles
89.8%
3The Rolling Stones
85.7%
1Led Zeppelin
76.2%
10Queen
75.5%
15The Who
64.3%
6AC/DC
58.7%
13Eagles
54.6%
4Pink Floyd
53.9%
7Aerosmith
52.2%
19The Doors
43.5%
2Van Halen
42.3%
11Journey
41.3%
12Boston
38.6%
# Act % Correct
20Fleetwood Mac
35.4%
22Lynyrd Skynyrd
35.1%
24U2
32.8%
21Rush
30%
5Tom Petty & the Heartbreakers
28.6%
14Foreigner
27.6%
8ZZ Top
26.9%
23Def Leppard
26.7%
25Heart
26.2%
18Steve Miller Band
17.5%
16The Cars
16.4%
17Bad Company
13.1%
Remove Ads.
Support Sporcle.
Get the best of Sporcle when you Go Orange. This ad-free experience offers more features, more stats, and more fun while also helping to support Sporcle. Thank you for becoming a member.

You're not logged in!

Compare scores with friends on all Sporcle quizzes.
OR
Log In

Sporcle TV

Today on Sporcle TV


Watch our educational content, quiz creation guides, and fun videos on Sporcle TV.

Show Comments

Extras

Top Quizzes Today


Score Distribution

Paid Content

Your Account Isn't Verified!

In order to create a playlist on Sporcle, you need to verify the email address you used during registration. Go to your Sporcle Settings to finish the process.

Report this User

Report this user for behavior that violates our Community Guidelines.

Details: